Verdades y errores acerca de la Talavera poblana (Record no. 8309)
[ view plain ]
| 000 -CABECERA | |
|---|---|
| campo de control de longitud fija | 01028nam a2200289 a 4500 |
| 001 - NÚMERO DE CONTROL | |
| campo de control | BRCA_8650 |
| 005 - FECHA Y HORA DE LA ÚLTIMA TRANSACCIÓN | |
| campo de control | 20190320210345.0 |
| 008 - DATOS DE LONGITUD FIJA--INFORMACIÓN GENERAL | |
| campo de control de longitud fija | 041016s1922----mx-a######---#000-0#spa-# |
| 041 ## - CÓDIGO DE LENGUA | |
| Código de lengua del texto/banda sonora o título independiente | spa |
| 044 ## - CÓDIGO DEL PAÍS DE LA ENTIDAD EDITORA/PRODUCTORA | |
| Código MARC del país | mx |
| 050 #4 - SIGNATURA TOPOGRÁFICA DE LA BIBLIOTECA DEL CONGRESO | |
| Número de clasificación | NK4340.T3 |
| -- | .H64 |
| -- | 1922 |
| 100 1# - ENTRADA PRINCIPAL--NOMBRE DE PERSONA | |
| Nombre de persona | Hoffmann, Carlos C. |
| 9 (RLIN) | 7286 |
| 245 10 - MENCIÓN DE TÍTULO | |
| Título | Verdades y errores acerca de la Talavera poblana |
| Mención de responsabilidad, etc. | Por el profesor Carlos C. Hoffmann. |
| 260 ## - PUBLICACIÓN, DISTRIBUCIÓN, ETC. | |
| Lugar de publicación, distribución, etc. | México |
| Nombre del editor, distribuidor, etc. | Imprenta de la Secretaría de Gobernación |
| Fecha de publicación, distribución, etc. | 1922 |
| 300 ## - DESCRIPCIÓN FÍSICA | |
| Extensión | 630 p. |
| Otras características físicas | il. |
| Dimensiones | 22 cm |
| 440 #0 - MENCIÓN DE SERIE/PUNTO DE ACCESO ADICIONAL--TÍTULO | |
| Título | Mémoires/Sociedad Científica Antonio Alzate |
| Designación de volumen o secuencia | 40 |
| 9 (RLIN) | 21581 |
| 500 ## - NOTA GENERAL | |
| Nota general | Fondo antiguo |
| 500 ## - NOTA GENERAL | |
| Nota general | Se encuentra en Caja Fuerte |
| 500 ## - NOTA GENERAL | |
| Nota general | A-27 |
| 500 ## - NOTA GENERAL | |
| Nota general | Con Ex-libris de: Franz Mayer |
| 500 ## - NOTA GENERAL | |
| Nota general | Incluye 6 láminas con figuras |
| 500 ## - NOTA GENERAL | |
| Nota general | Nota de encuadernación: Rústica, desprendida de las tapas, hojas sueltas |
| 506 0# - NOTA DE RESTRICCIONES AL ACCESO | |
| Limitaciones de acceso | Fondo reservado: para su consulta es necesario credencial de usuario y carta de motivos |
| 650 14 - PUNTO DE ACCESO ADICIONAL DE MATERIA--TÉRMINO DE MATERIA | |
| Término de materia o nombre geográfico como elemento de entrada | Alfarería |
| Subdivisión geográfica | Puebla |
| 9 (RLIN) | 21582 |
| 902 ## - CATALOGADOR | |
| Iniciales | LAR |
| 942 ## - ELEMENTOS DE PUNTO DE ACCESO ADICIONAL (KOHA) | |
| Fuente del sistema de clasificación o colocación | Library of Congress Classification |
| Tipo de ítem Koha | Libros |
| Estado de retiro | Estado de pérdida | Estado dañado | No para préstamo | Localización permanente | Ubicación/localización actual | Fecha de adquisición | Número de inventario | Total de préstamos | Signatura topográfica completa | Código de barras | Fecha visto por última vez | Precio válido a partir de | Tipo de ítem Koha |
|---|---|---|---|---|---|---|---|---|---|---|---|---|---|
| El ejemplar forma parte de la colección y puede ser consultado según las políticas vigentes. | Biblioteca del Museo Franz Mayer (Rogerio Casas-Alatriste) | Biblioteca del Museo Franz Mayer (Rogerio Casas-Alatriste) | 04/10/2016 | A-27 | NK4340.T3 1922 .H64 (A-27) | LAR00152 | 22/03/2019 | 22/03/2019 | Libros |